Sports Quiz

Random Sports or Baseball Quiz

MLB HR Groupings Quiz Stats

 Plays Quiz Updated Nov 6, 2017

Challenge
Share
Tweet
Embed
Score 0/27 Timer 10:00
1 Play Today
Category: Player: % Correct
500 HR (1 team):Barry Bonds (586)
96.1%
500 HR (1 team):Hank Aaron (733)
94.5%
500 HR (1 team):Babe Ruth (659)
93.7%
500 HR (1 team):Sammy Sosa (545)
92.1%
200 HR (2 teams):Ken Griffey Jr. (417, 210)
89.2%
100 HR (3 teams):Alex Rodriguez (189, 156, 351)
88.2%
200 HR (2 teams):Mark McGwire (363, 220)
88.1%
500 HR (1 team):Willie Mays (646)
87.2%
500 HR (1 team):Mickey Mantle (536)
85.6%
500 HR (1 team):Ted Williams (521)
83.3%
500 HR (1 team):Ernie Banks (512)
81.2%
500 HR (1 team):Mike Schmidt (548)
80.2%
200 HR (2 teams):Manny Ramirez (236, 274)
80.2%
100 HR (3 teams):Jim Thome (337, 101, 134)
78.6%
Category: Player: % Correct
500 HR (1 team):Harmon Killebrew (559)
75.2%
200 HR (2 teams):Rafael Palmeiro (321, 223)
73.8%
100 HR (3 teams):Reggie Jackson (269, 144, 123)
71.7%
100 HR (3 teams):Adrian Beltre (147, 103, 184)
62.9%
200 HR (2 teams):Jimmie Foxx (302, 222)
60.8%
500 HR (1 team):Mel Ott (511)
58.9%
50 HR (4 teams):Gary Sheffield (122, 129, 64, 76)
56%
50 HR (4 teams):Carlos Beltran (123, 149, 56, 56)
53.4%
50 HR (4 teams):Fred McGriff (125, 84, 130, 99)
50.2%
50 HR (4 teams):Dave Kingman (77, 154, 94, 100)
27.6%
100 HR (3 teams):Darrell Evans (131, 142, 141)
26.9%
50 HR (4 teams):Ellis Burks (94, 115, 60, 66)
25.6%
50 HR (4 teams):Rusty Staub (57, 81, 70, 75)
17.4%

You're not logged in!

Compare scores with friends on all Sporcle quizzes.
Join for Free
OR
Log In

You Might Also Like...

Show Comments

Extras

Top Quizzes Today


Score Distribution

Your Account Isn't Verified!

In order to create a playlist on Sporcle, you need to verify the email address you used during registration. Go to your Sporcle Settings to finish the process.

Report this User

Report this user for behavior that violates our Community Guidelines.

Details: